| 000 | 00537nam a2200193 i 4500 | ||
|---|---|---|---|
| 001 | 100557 | ||
| 003 | ES-MaACL | ||
| 005 | 20230906182710.0 | ||
| 007 | t| | ||
| 008 | 050929s1917 it ||||1| ita d | ||
| 100 | 1 |
_aMassero, Ferdinando. _978808 |
|
| 245 | 1 | 0 |
_aManuale elementare di meccanica applicata / _cFerdinando Massero. |
| 260 |
_aMilano : _bAllegretti, _c1917. |
||
| 300 |
_aXVIII, 434 p. ; _c16 cm. |
||
| 490 | 1 | _aManuali Hoepli | |
| 830 | 0 |
_aManuali Hoepli _9180782 |
|
| 852 |
_aES-MaACL _jF-4343 |
||
| 999 |
_c100557 _d100557 |
||